Syntetické deriváty luotonínu A, účinky a syntéza

Uložené v:
Podrobná bibliografia
Hlavný autor: Šurab, Patrik (Autor)
Ďalší autori: Babjak, Matej (Vedúci práce)
Médium: Rukopis Kniha
Jazyk:Slovak
Vydavateľské údaje: 2015
Predmet:
On-line prístup:http://is.stuba.sk/zp/portal_zp.pl?podrobnosti=101856
Tagy: Pridať tag
Žiadne tagy, Buďte prvý, kto otaguje tento záznam!

MARC

LEADER 00000ntm a22000003a 4500
001 stuzp53050
003 SK-STU
005 20160719154349.4
007 ta
008 150427s2015----xo-----f-mn---000-0-slo-d
040 |a STU  |b slo 
041 0 |a slo 
100 1 |a Šurab, Patrik  |u 048140  |4 aut  |U FCHPT Ústav organickej chémie, katalýzy a petrochémie  |T FCHPT Oddelenie organickej chémie  |X 61298  |U C8140  |Y 124  |7 61298 
242 0 1 |a Synthetic derivates of luotonin A, effects and synthesis  |y eng 
245 1 0 |a Syntetické deriváty luotonínu A, účinky a syntéza 
260 |c 2015 
650 4 |a Luotonín A  |2 slo 
650 4 |a Modifikovaná Hecková aminokarbonylácia  |2 slo 
650 4 |a Metoxyluotonín A  |2 slo 
650 4 |a Methoxyluotonin A  |2 eng 
650 4 |a Luotonin A  |2 eng 
650 4 |a Modified Heck aminocarbonylation  |2 eng 
700 1 |a Babjak, Matej  |4 ths  |X 3911  |7 A000003911 
856 4 |u http://is.stuba.sk/zp/portal_zp.pl?podrobnosti=101856 
SQL |a stuzp53050  |b DBP  |c SLO  |d Syntetické deriváty luotonínu A, účinky a syntéza  |e 61298  |f Šurab, Patrik  |g 048140  |h 3911  |i Babjak, Matej  |j 20150714  |k 753  |l 04  |m http://is.stuba.sk/zp/portal_zp.pl?podrobnosti=101856  |n B-CHEMAT  |o 4.1.14. chémia, 5.2.18. chemické technológie